2023/2024 Österreichische Vereine (Bundesliga-Regionalliga) - Statistiken

Allgemein
  • Dieses Quiz wurde 118 mal gespielt
  • Das Durchschnittsergebnis liegt bei 40 aus 76
Antwortstatistiken
League Team % Korrekt
ADMIRAL Bundesliga FK Austria Wien
100%
ADMIRAL Bundesliga RB Salzburg
99%
ADMIRAL Bundesliga SK Rapid Wien
99%
Regionalliga Ost SK Rapid Wien II
99%
ADMIRAL Bundesliga SK Sturm Graz
99%
2. Liga SK Sturm Graz II
99%
ADMIRAL Bundesliga LASK
96%
Regionalliga Mitte WAC Amateure
93%
ADMIRAL Bundesliga Wolfsberger AC
93%
ADMIRAL Bundesliga Blau-Weiß Linz
91%
ADMIRAL Bundesliga SC Austria Lustenau
91%
ADMIRAL Bundesliga SK Austria Klagenfurt
91%
ADMIRAL Bundesliga SCR Altach
90%
Regionalliga West SCR Altach Juniors
90%
ADMIRAL Bundesliga TSV Hartberg
88%
2. Liga GAK 1902
87%
Regionalliga Mitte Junge Wikinger Ried
85%
2. Liga SV Ried
85%
ADMIRAL Bundesliga WSG Tirol
85%
Regionalliga Mitte LASK Amateure
83%
2. Liga Admira Wacker
80%
2. Liga SKN St. Pölten
79%
2. Liga SW Bregenz
75%
2. Liga First Vienna FC
71%
2. Liga KSV 1919
71%
2. Liga DSV Leoben
67%
Regionalliga West SV Austria Salzburg
67%
2. Liga SV Horn
66%
2. Liga FC Dornbirn
65%
2. Liga SKU Amstetten
65%
2. Liga FAC Wien
63%
2. Liga FC Liefering
63%
2. Liga SV Stripfing
63%
Regionalliga Mitte WSC Hertha Wels
62%
2. Liga SV Lafnitz
60%
Regionalliga Mitte SK Vorwärts Steyr
58%
Regionalliga Ost Wiener Sport-Club
58%
Regionalliga Mitte ASK Voitsberg
56%
Regionalliga Ost Young Violets Wien
51%
Regionalliga Ost SC Neusiedl 1919
49%
Regionalliga Ost Kremser SC
47%
Regionalliga West SC Imst
44%
Regionalliga Ost SV Oberwart
37%
Regionalliga West FC Kufstein
35%
Regionalliga Mitte Deutschlandsberger SC
34%
Regionalliga Mitte SC Weiz
33%
Regionalliga Ost Wiener Viktoria
33%
Regionalliga West Vfb Hohenems
31%
Regionalliga West TSV St. Johann
30%
Regionalliga Ost FCM Traiskirchen
29%
Regionalliga Mitte Union Gurten
29%
Regionalliga Mitte FC Gleisdorf 09
28%
Regionalliga Ost FC Mauerwerk
28%
Regionalliga West FC Pinzgau Saalfelden
28%
Regionalliga West SK Bischofshofen 1933
28%
Regionalliga West SC Schwaz
27%
Regionalliga Ost Favoritner AC
25%
Regionalliga Mitte USV St. Anna / Aigen
25%
Regionalliga Mitte SPG Wallern / St. Marienkirchen
24%
Regionalliga Ost SR Donaufeld
24%
Regionalliga Mitte UVB Vöcklamarkt
24%
Regionalliga Ost ASV Drassburg
22%
Regionalliga Ost TWL Elektra
22%
Regionalliga Ost FC Marchfeld Donauauen
21%
Regionalliga Mitte SV Allerheiligen
21%
Regionalliga West SVG Reichenau
21%
Regionalliga Ost SV Leobendorf
19%
Regionalliga West SC Röthis
18%
Regionalliga West SV Wals-Grünau
16%
Regionalliga Mitte TuS Bad Gleichenberg
16%
Regionalliga Ost SC Ardagger / Viehdorf
15%
Regionalliga West FC Wolfurt
13%
Regionalliga West Rot-Weiß Rankweil
13%
Regionalliga West SPG Silz / Möts
13%
Regionalliga West Dornbirner SV
10%
Regionalliga Mitte ASK Klagenfurt
9%
Keine übereinstimmenden Quizze gefunden
Verteilung der Resultate
Anzahl Personen mit jedem Resultat
Perzentil nach korrekt beantworteten Fragen
Ihre Resultats-Entwicklung
Sie haben dieses Quiz noch nicht gespielt